Statistiques concernant Culture Générale - Série 1602

Cliquez ici pour prendre le quiz!

Statistiques générales

  • Ce quiz a été pris 143 fois
  • Le résultat moyen est 6 sur 10

Statistiques - réponses

QuestionRéponse% Correct
Une personne que l'on rend responsable des fautes des autres est appelée : bouc...émissaire
94%
Le chef, symbole de la grande cuisine française, dont les restaurants à travers le monde totalisent 26 étoiles en 2010, s'appelle Joël...Robuchon
74%
Dans quel fruit habite le personnage de dessin animé "Bob L'éponge" ?ananas
66%
Quel nom donne-t-on au véhicule de sport composé d'une coque montée sur 3 roues, et mû par une voile, utilisé sur les plages venteuses ?char à voile
66%
En 2001, de quel nom de chef apache, Olivier de Kersauson baptise-t-il son trimaran ?Geronimo
59%
En 1787, qui a composé l'opéra "Don Giovanni" ?Mozart
59%
Quel musicien actuel du groupe Indochine, (initiales : NS), est le seul à avoir fait partie de la formation initiale, créée en 1981 ?Nicola Sirkis
57%
Quelle île est partagée entre la Malaisie, l'Indonésie et Brunei ?Bornéo
45%
Quel peintre et physicien américain a laissé son nom à son invention : le télégraphe électrique ?Samuel Morse
33%
De quel animal dit-on qu'il bouboule, lorsqu'il pousse son cri ?hibou
22%

Distribution des résultats

Percentile par nombre de réponses

% des personnes avec chaque résultat

Votre développement - résultats

Vous n’avez pas pris ce quiz